000 00646nam a2200277Ia 4500
005 20260324140947.0
008 008 260324s9999 xx 000 0 eng d
020 _a9781315022765
037 _aEBOOK
040 _aCRL
040 _beng
040 _cCRL
041 _2eng
041 _aeng
084 _qCRL
100 _aChris Toulouse; Timothy W. Luke
_91206387
245 4 _aThe Politics of Cyberspace
260 _bTaylor and Francis
260 _c1998
365 _a
365 _b205
856 _uhttp://www.taylorfrancis.com/books/9781315022765
942 _cEBOOK
999 _c1808979
_d1808979